Organizaciones escolares inteligentes: enseñanza para la comprensión, inteligencias múltiples, comptencias organizacionales, prácticas alternativas de evaluación
Tallennettuna:
| Päätekijä: | |
|---|---|
| Aineistotyyppi: | Kirja |
| Kieli: | espanja |
| Julkaistu: |
Bogotá
Magisterio
2001
|
| Sarja: | Colección Aula Abierta
|
| Aiheet: | |
| Tagit: |
Lisää tagi
Ei tageja, Lisää ensimmäinen tagi!
|
MARC
| LEADER | 00000nam a2200000 a 4500 | ||
|---|---|---|---|
| 001 | UCM9440 | ||
| 003 | CL-VaPUC | ||
| 008 | 030425e20010000CK |||||||||||||||||spa|d | ||
| 082 | 0 | 4 | |a 371.2 |b PUE |2 21 |
| 100 | 0 | |a Puentes Osma, Yecid |e author |9 475975 | |
| 245 | 1 | 0 | |a Organizaciones escolares inteligentes: enseñanza para la comprensión, inteligencias múltiples, comptencias organizacionales, prácticas alternativas de evaluación |
| 300 | |a 169 p | ||
| 942 | |c BK | ||
| 945 | |d 20030425 00:00:00 |a cmena | ||
| 260 | |a Bogotá |b Magisterio |c 2001 | ||
| 650 | 0 | |a Administración de la enseñanza |9 261034 | |
| 650 | 0 | |a Gestión educacional |9 261035 | |
| 650 | 0 | |a Planificación de la educación |9 307333 | |
| 650 | 0 | |a Psicología educacional |9 307830 | |
| 583 | |a last modification |c 20170427 02:04:08 |k Rodrigo Vera | ||
| 490 | 0 | |a Colección Aula Abierta | |
| 999 | |c 303709 |d 303707 | ||
| 952 | |0 0 |1 0 |4 0 |6 371_200000000000000_PUE_2001 |7 0 |8 A |9 365206 |a BIBEDU |b BIBEDU |d 2019-11-21 |i 3898253 |o 371.2 PUE 2001 |p 3898253 |r 2019-11-21 |w 2019-11-21 |y BK |k EPE | ||